| 000 | 00970nam a2200205 a 4500 | ||
|---|---|---|---|
| 008 | 060512s2005 ||||||||||||||||| || u | ||
| 020 | _a0821360132 | ||
| 050 | _aIBRD(02) | ||
| 100 | _aKoeberlr, Stefan | ||
| 245 | 1 | 0 |
_aConditionality revisited: concepts, experiences, and lessons _cedited by Stefan Koeberle...[et al.] |
| 260 |
_aWashington, D. C. _bWorld Bank _c2005 |
||
| 300 | _axvi; 273p.; ill. | ||
| 350 | _a0.00 | ||
| 500 | _a"This book originated in the Development Policy Forum 'Conditionality Revisited' hosted by the World Bank's OPCS country Economics Group in Paris on July 5, 2004". | ||
| 650 | _aCONDITIONALITY (INTERNATIONAL RELATIONS)--CONGRESSES | ||
| 650 | _aECONOMIC DEVELOPMENT--FINANCE--CONGRESSES | ||
| 650 | 0 | _aECONOMICS | |
| 650 | _aECONOMIC ASSISTANCE--CONGRESSES | ||
| 995 |
_D0.00 _FCBU-MAIN LIBRARY (Kitwe) _H1 _I0.00 _M1 _UAVAILABLE _WMay 12, 2006 _ZInternational Publications |
||
| 999 |
_c38396 _d38396 |
||